कब्रिस्तान की बेरियाँ / (Record no. 34780)

MARC details
000 -LEADER
fixed length control field 01178nam a22002537a 4500
005 - DATE AND TIME OF LATEST TRANSACTION
control field 20100319094942.0
008 - FIXED-LENGTH DATA ELEMENTS--GENERAL INFORMATION
fixed length control field 100319t xxu||||| |||| 00| 0 hin d
010 ## - LCCN (DPL NO)
LC control number HIN-89170
020 ## - INTERNATIONAL STANDARD BOOK NUMBER
Terms of availability 150.00
International Standard Book Number 8188803162
035 ## - SYSTEM CONTROL NUMBER
System control number HN-61516
037 ## - SOURCE OF ACQUISITION
Source of stock number/acquisition DBAD / PUB
040 ## - CATALOGING SOURCE
Original cataloging agency DPL
Language of cataloging HN
082 ## - DEWEY DECIMAL CLASSIFICATION NUMBER
Classification number
100 ## - MAIN ENTRY--PERSONAL NAME
Personal name मलिक, कुलबीर सिंह
9 (RLIN) 17359
245 ## - TITLE STATEMENT
Title कब्रिस्तान की बेरियाँ /
Statement of responsibility, etc कुलबीर सिंह मलिक
246 ## - VARYING FORM OF TITLE
Title proper/short title Kabristan ki Beriyan
Remainder of title by Kulbir Singh Malik
260 ## - PUBLICATION, DISTRIBUTION, ETC. (IMPRINT)
Place of publication, distribution, etc पंचकूला
Name of publisher, distributor, etc सतलुज प्रकाशन
Date of publication, distribution, etc 2008
270 ## - ADDRESS
Address एस.सी.एफ. 267 (द्वितीय तल), सेक्टर-16
City पंचकूला
Postal code 134113 (हरियाणा)
300 ## - PHYSICAL DESCRIPTION
Extent 96पृ
Dimensions 22सेमी (सजिल्द)
650 ## - SUBJECT ADDED ENTRY--TOPICAL TERM
Topical term or geographic name as entry element लघु कथाएँ, हिन्दी
9 (RLIN) 1169
650 ## - SUBJECT ADDED ENTRY--TOPICAL TERM
Topical term or geographic name as entry element Short stories, hindi
9 (RLIN) 17360
942 ## - ADDED ENTRY ELEMENTS (KOHA)
Source of classification or shelving scheme Dewey Decimal Classification
Item type Hindi Books
Call number suffix मलिक
Classification part
Holdings
Withdrawn status Lost status Source of classification or shelving scheme Damaged status Not for loan Collection code Home library Current library Date acquired Source of acquisition Cost, normal purchase price Total Checkouts Full call number Barcode Date last seen Copy number Cost, replacement price Koha item type
    Dewey Decimal Classification   Not For Loan Non-fiction D.B.Act.Division D.B.Act.Division 19/03/2010 DBAD / PUB 150.00   क मलिक HN-61516 19/03/2010 1 150.00 Hindi Books

© Delhi Public Library
Hit Counter
free hit counter